00410nam a2200157Ia 4500001000500000005001700005008004100022041000800063082001700071100003500088245007600123260000900199300002800208650000800236654000800244513920260306145846.0260306t2014||||xx |||||||||||||| ||spa|| aESP a333.911bZ58 aZegarra Méndez, EduardoeAUT 0aEconomía del agua:bconceptos y aplicaciones para una mejor gestión c2014 a221 páginas :c23 cm. aGEN aCAN